|
|
|
|
| LEADER |
00000nam a2200000 a 4500 |
| 001 |
vtls001476720 |
| 003 |
SK-MaSNL |
| 005 |
20260301102830.0 |
| 008 |
171201s2003 ru l g 10000 rus |
| 020 |
|
|
|a 5819201663
|q (brož.)
|
| 035 |
|
|
|a SNK000432021
|
| 040 |
|
|
|a SNK
|b slo
|c SNK
|e AACR2
|
| 041 |
0 |
|
|a rus
|
| 043 |
|
|
|a e-ur-ru
|
| 044 |
|
|
|a ru
|c RU
|
| 072 |
|
7 |
|a 02
|x Knihovníctvo. Informatika
|2 konspekt
|
| 080 |
|
|
|a 004
|2 MDT-MRF
|
| 080 |
|
|
|a 026/027
|2 MDT-MRF
|
| 080 |
|
|
|a 021
|2 MDT-MRF
|
| 080 |
|
|
|a 024.5/.6
|2 MDT-MRF
|
| 080 |
|
|
|a 659.2
|2 MDT-MRF
|
| 080 |
|
|
|a (470+571)
|2 MDT-MRF
|
| 080 |
|
|
|a (063)
|2 MDT-MRF
|
| 080 |
|
|
|a (048.8)
|2 MDT-MRF
|
| 245 |
0 |
0 |
|a Informacionno-bibliografičeskoje obsluživanije
|n Vyp. 1
|p Istorija i sovremennoje sostojanije
|b sbornik statej
|c [sostaviteli: Je. D. Žabko, S. D. Mangutova]
|
| 246 |
3 |
0 |
|a Istorija i sovremennoje sostojanije
|
| 260 |
|
|
|a Sankt-Peterburg
|b Rossijskaja nacional'naja biblioteka
|c 2003
|
| 300 |
|
|
|a 192 s.
|b tab.
|c 21 cm
|
| 650 |
0 |
7 |
|a činnosť knižníc
|z Rusko
|2 SNKPH
|9 304110
|
| 650 |
0 |
7 |
|a knižničné služby
|z Rusko
|2 SNKPH
|9 73605
|
| 650 |
0 |
7 |
|a informačné služby
|z Rusko
|2 SNKPH
|9 439203
|
| 650 |
0 |
7 |
|a informačné technológie
|z Rusko
|2 SNKPH
|9 439204
|
| 650 |
0 |
7 |
|a knižnice
|z Rusko
|2 SNKPH
|9 303975
|
| 655 |
|
7 |
|a zborníky
|2 SNKPH
|9 70165
|
| 655 |
|
7 |
|a štúdie
|2 SNKPH
|9 57033
|
| 700 |
1 |
|
|a Žabko, Jelena Dmitrijevna
|4 com
|4 red
|9 311708
|
| 700 |
1 |
|
|a Mangutova, Svetlana Dmitrijevna
|4 com
|9 439205
|
| 919 |
|
|
|a 5-8192-0166-3
|
| 999 |
|
|
|c 693255
|d 695185
|
| 952 |
|
|
|t P60, <04>, [BOOK], {604}, -K-
|a SNK
|b SNK
|y VYP
|7 0
|p 17A0441108
|o snkIC 131609/1
|i snkV 1255/2004
|8 2
|g 4.98
|0 0
|1 0
|4 0
|d 2004-06-15
|l 0
|r 2005-01-02 00:00:00
|w 2026-02-23
|